| Tag |
First Indicator |
Second Indicator |
Subfields |
| LEADER |
00000cas a2200000 i 4500 |
| 001 |
in00003774553 |
| 005 |
20160506153612.0 |
| 006 |
m o d |
| 007 |
cr ||||||||||| |
| 008 |
150129c20139999sz qr poo b 0 0eng |
| 010 |
|
|
|a 2015247764
|
| 035 |
|
|
|a (OCoLC)ocn900984341
|
| 040 |
|
|
|a PFM
|b eng
|e rda
|e pn
|c PFM
|d PFM
|d OCLCO
|d OCLCF
|d OCLCQ
|d OCLCO
|d TXA
|
| 019 |
|
|
|a 921147126
|
| 022 |
|
|
|a 2296-3766
|l 2296-3774
|y 2296-3774
|
| 029 |
1 |
|
|a NLGGC
|b 396046363
|
| 035 |
|
|
|a (OCoLC)900984341
|z (OCoLC)921147126
|
| 042 |
|
|
|a pcc
|
| 090 |
|
|
|a RC280.D5
|b G38 Electronic
|
| 049 |
|
|
|a TXAM
|
| 245 |
0 |
0 |
|a Gastrointestinal tumors.
|
| 246 |
1 |
|
|a Gastrointest. tumors
|
| 246 |
1 |
|
|a GT
|
| 264 |
|
1 |
|a Basel, Switzerland :
|b Karger AG,
|c [2013]-
|
| 264 |
|
4 |
|c ©2013-
|
| 300 |
|
|
|a 1 online resource
|
| 310 |
|
|
|a Quarterly
|
| 336 |
|
|
|a text
|b txt
|2 rdacontent
|
| 337 |
|
|
|a computer
|b c
|2 rdamedia
|
| 338 |
|
|
|a online resource
|b cr
|2 rdacarrier
|
| 362 |
1 |
|
|a Began with: Vol. 1, no. 1 (September 2013).
|
| 588 |
|
|
|a Description based on: Vol. 1, no. 1 (September 2013); title from journal homepage (Karger website, viewed January 29, 2015).
|
| 588 |
|
|
|a Latest issue consulted: Vol. 1, no. 3 (August 2014) (viewed January 29, 2015).
|
| 650 |
|
0 |
|a Gastrointestinal system
|x Cancer
|v Periodicals.
|
| 650 |
|
2 |
|a Gastrointestinal Neoplasms.
|
| 650 |
|
7 |
|a Gastrointestinal system
|x Cancer.
|2 fast
|0 (OCoLC)fst00938870
|
| 655 |
|
2 |
|a Periodicals.
|
| 655 |
|
7 |
|a Periodicals.
|2 fast
|0 (OCoLC)fst01411641
|
| 776 |
0 |
8 |
|i Print version:
|t Gastrointestinal tumours
|x 2296-3774
|w (DLC) 2015243412
|w (OCoLC)925302976
|
| 948 |
|
|
|a cataloged
|b h
|c 2016/5/6
|d c
|e spoltoratski
|f 3:35:54 pm
|g CF
|
| 994 |
|
|
|a C0
|b TXA
|
| 999 |
f |
f |
|s 332b0bb7-f5d6-333c-848e-647285452a51
|i 92fbace7-f50d-3c9f-b5d4-53931611bc48
|t 0
|
| 952 |
f |
f |
|a Texas A&M University
|b College Station
|c Electronic Resources
|d Available Online
|t 0
|e RC280.D5 G38
|g Electronic
|h Library of Congress classification
|
| 998 |
f |
f |
|a RC280.D5 G38
|t 0
|l Available Online
|